[Event "Rottach Egern Seniors Cup 10th"]
[Site "Rottach Egern"]
[Date "2022.03.29"]
[Round "4"]
[White "Walther, Reinhard"]
[Black "Mayeres, Hans Christian"]
[Result "1-0"]
[WhiteElo "1945"]
[BlackElo "1833"]
[PlyCount "51"]
[EventDate "2022.03.26"]
[EventType "swiss"]
[EventRounds "9"]
[EventCountry "GER"]
[SourceTitle "CBM 207 Extra"]
[Source "ChessBase"]
[SourceDate "2022.05.31"]
[SourceVersion "1"]
[SourceVersionDate "2022.05.31"]
[SourceQuality "1"]

1. d4 Nf6 2. Bg5 Ne4 3. Bf4 c5 4. d5 Qa5+ 5. c3 Qb6 6. Bc1 e6 7. f3 Nf6 8. e4 c4 9. Bxc4 Bc5 10. Nh3 0-0 11. b4 Be7 12. Qe2 a5 13. Be3 Qc7 14. b5 Bc5 15. Bxc5 Qxc5 16. dxe6 dxe6 17. Nd2 a4 18. Nf2 Nbd7 19. 0-0 Nb6 20. Rac1 Rd8 21. Bd3 e5 22. c4 Be6 23. Rc2 Rd7 24. Rd1 Rad8 25. Nf1 Bxc4 26. Bxc4 1-0

[Event "Rottach Egern Seniors Cup 9th"]
[Site "Rottach Egern"]
[Date "2021.10.28"]
[Round "7"]
[White "Mayeres, Hans Christian"]
[Black "Rosmann, Armin"]
[Result "1/2-1/2"]
[WhiteElo "1834"]
[BlackElo "1603"]
[PlyCount "44"]
[EventDate "2021.10.22"]
[EventType "swiss"]
[EventRounds "7"]
[EventCountry "GER"]
[SourceTitle "CBM 204 Extra"]
[Source "ChessBase"]
[SourceDate "2021.11.30"]
[SourceVersion "1"]
[SourceVersionDate "2021.11.30"]
[SourceQuality "1"]

1. c4 b6 2. Nf3 Bb7 3. g3 Bxf3 4. exf3 Nf6 5. Bg2 e6 6. 0-0 c6 7. Nc3 Bb4 8. Ne4 d5 9. cxd5 Nxd5 10. a3 Be7 11. d4 0-0 12. f4 Nd7 13. Bd2 a5 14. Rc1 c5 15. dxc5 Nxc5 16. Qf3 Nxe4 17. Qxe4 Nf6 18. Qxa8 Qxd2 19. Qb7 Bc5 20. h3 Bxf2+ 21. Rxf2 Qxc1+ 22. Kh2 Qc5 1/2-1/2

[Event "Rottach Egern Seniors Cup 9th"]
[Site "Rottach Egern"]
[Date "2021.10.27"]
[Round "6"]
[White "Kurze, Volker"]
[Black "Mayeres, Hans Christian"]
[Result "1/2-1/2"]
[WhiteElo "1691"]
[BlackElo "1834"]
[PlyCount "55"]
[EventDate "2021.10.22"]
[EventType "swiss"]
[EventRounds "7"]
[EventCountry "GER"]
[SourceTitle "CBM 204 Extra"]
[Source "ChessBase"]
[SourceDate "2021.11.30"]
[SourceVersion "1"]
[SourceVersionDate "2021.11.30"]
[SourceQuality "1"]

1. e4 g6 2. d4 Bg7 3. Nc3 d6 4. Bg5 a6 5. Qd2 b5 6. h4 h6 7. Be3 Nf6 8. f3 Nfd7 9. g4 c5 10. Rd1 b4 11. Na4 Nb6 12. Nxb6 Qxb6 13. dxc5 dxc5 14. Bxc5 Qc7 15. Ne2 Bxb2 16. Bxb4 Nd7 17. Bxe7 Kxe7 18. Qb4+ Nc5 19. Qxb2 Be6 20. Kf2 Rab8 21. Qc1 Qb6 22. Kg3 Qc7+ 23. Qf4 Qxf4+ 24. Nxf4 Bxa2 25. Nd5+ Kf8 26. Ra1 Rb2 27. Nc3 Be6 28. Bxa6 1/2-1/2

[Event "Rottach Egern Seniors Cup 9th"]
[Site "Rottach Egern"]
[Date "2021.10.25"]
[Round "4"]
[White "Haserodt, Jan"]
[Black "Mayeres, Hans Christian"]
[Result "1/2-1/2"]
[WhiteElo "2030"]
[BlackElo "1834"]
[PlyCount "72"]
[EventDate "2021.10.22"]
[EventType "swiss"]
[EventRounds "7"]
[EventCountry "GER"]
[SourceTitle "CBM 204 Extra"]
[Source "ChessBase"]
[SourceDate "2021.11.30"]
[SourceVersion "1"]
[SourceVersionDate "2021.11.30"]
[SourceQuality "1"]

1. e4 g6 2. d4 Bg7 3. Nc3 d6 4. Be3 Nf6 5. h3 0-0 6. f4 Nbd7 7. Nf3 c5 8. Qd2 cxd4 9. Nxd4 Nc5 10. Bd3 a6 11. Nb3 Nxd3+ 12. cxd3 b5 13. 0-0 Bb7 14. f5 Rc8 15. Nd4 Nd7 16. fxg6 hxg6 17. Nf3 Ne5 18. Nxe5 Bxe5 19. d4 Bg7 20. a3 Rc4 21. b3 Rc7 22. Rac1 Qa8 23. d5 Qc8 24. Ne2 Rxc1 25. Rxc1 Qd7 26. Nd4 Rc8 27. Rc2 e6 28. dxe6 fxe6 29. Rxc8+ Qxc8 30. Ne2 Qc6 31. Ng3 d5 32. exd5 Qxd5 33. Qc2 Qe5 34. Nf1 Qe4 35. Qxe4 Bxe4 36. Bc1 Bd4+ 1/2-1/2

[Event "Rottach Egern Seniors Cup 9th"]
[Site "Rottach Egern"]
[Date "2021.10.24"]
[Round "3"]
[White "Mayeres, Hans Christian"]
[Black "Antoniacci, Ricardo"]
[Result "1-0"]
[WhiteElo "1834"]
[BlackElo "1672"]
[PlyCount "89"]
[EventDate "2021.10.22"]
[EventType "swiss"]
[EventRounds "7"]
[EventCountry "GER"]
[SourceTitle "CBM 204 Extra"]
[Source "ChessBase"]
[SourceDate "2021.11.30"]
[SourceVersion "1"]
[SourceVersionDate "2021.11.30"]
[SourceQuality "1"]

1. c4 c5 2. Nc3 Nc6 3. g3 g6 4. Bg2 Bg7 5. d3 Nf6 6. a3 d6 7. Nf3 Bg4 8. h3 Bd7 9. 0-0 0-0 10. Rb1 Rb8 11. Bd2 Qc8 12. Kh2 e5 13. b4 b6 14. b5 Nd8 15. Ng5 h6 16. Nge4 Ne8 17. Nd5 Kh7 18. Qc1 f5 19. Nec3 Nf6 20. a4 Be6 21. Nxf6+ Rxf6 22. Nd5 Bxd5 23. Bxd5 Ne6 24. a5 g5 25. axb6 axb6 26. Ra1 f4 27. g4 h5 28. f3 Nd4 29. Qd1 Rh6 30. e3 hxg4 31. fxg4 Nb3 32. Be4+ Kh8 33. Bf5 Qc7 34. Qxb3 Rf8 35. e4 Rxf5 36. exf5 e4 37. Bc3 f3 38. Bxg7+ Kxg7 39. Qc3+ Kf7 40. dxe4 d5+ 41. e5 d4 42. Qe1 Qb7 43. Kg3 d3 44. Rd1 Ke8 45. Rxd3 1-0

[Event "MVP-ch Seniors op 18th"]
[Site "Ostseebad Binz"]
[Date "2018.12.05"]
[Round "8"]
[White "Lewald, Stephan"]
[Black "Mayeres, Hans Christian"]
[Result "1/2-1/2"]
[WhiteElo "1941"]
[BlackElo "1837"]
[PlyCount "80"]
[EventDate "2018.11.28"]
[EventType "swiss"]
[EventRounds "9"]
[EventCountry "GER"]
[SourceTitle "CBM 188 Extra"]
[Source "ChessBase"]
[SourceDate "2019.02.26"]
[SourceVersion "1"]
[SourceVersionDate "2019.02.26"]
[SourceQuality "1"]

1. e4 g6 2. Nc3 Bg7 3. f4 d6 4. Nf3 Nf6 5. d4 0-0 6. Bd3 c6 7. 0-0 b5 8. a3 a5 9. Qe1 Na6 10. Qh4 b4 11. Nd1 c5 12. Ne3 cxd4 13. Nxd4 Nc5 14. axb4 Nxd3 15. cxd3 Qb6 16. Ndc2 Be6 17. Rxa5 Rxa5 18. bxa5 Qxa5 19. Qf2 Nd7 20. f5 Bb3 21. Kh1 Nc5 22. Qe2 Qb5 23. Nc4 Bxc4 24. dxc4 Qb7 25. b4 Qxe4 26. Qxe4 Nxe4 27. fxg6 hxg6 28. Re1 Nf2+ 29. Kg1 Nd3 30. Rd1 Nxc1 31. Rxc1 Rc8 32. Ne1 Bb2 33. Rc2 Ba3 34. Nd3 Rb8 35. Rc3 Rxb4 36. Nxb4 Bxb4 37. Rb3 Bc5+ 38. Kf1 f5 39. Ke2 Kf7 40. Kf3 g5 1/2-1/2

[Event "MVP-ch Seniors op 18th"]
[Site "Ostseebad Binz"]
[Date "2018.12.01"]
[Round "4"]
[White "Semisch, Helga"]
[Black "Mayeres, Hans Christian"]
[Result "0-1"]
[WhiteElo "1568"]
[BlackElo "1837"]
[PlyCount "76"]
[EventDate "2018.11.28"]
[EventType "swiss"]
[EventRounds "9"]
[EventCountry "GER"]
[SourceTitle "CBM 188 Extra"]
[Source "ChessBase"]
[SourceDate "2019.02.26"]
[SourceVersion "1"]
[SourceVersionDate "2019.02.26"]
[SourceQuality "1"]

1. d4 Nf6 2. e3 c5 3. c3 b6 4. Bd3 Bb7 5. Nf3 g6 6. 0-0 Bg7 7. Nbd2 0-0 8. Rb1 d6 9. e4 Nbd7 10. d5 e6 11. c4 exd5 12. cxd5 Ne5 13. Nxe5 dxe5 14. Nc4 Nh5 15. a3 b5 16. Ne3 c4 17. Bc2 Rc8 18. Ng4 Nf4 19. h3 f5 20. Ne3 fxe4 21. Bxe4 Rf7 22. b3 c3 23. a4 b4 24. Kh2 Rd7 25. g3 Nxd5 26. Nxd5 Bxd5 27. Bxd5+ Rxd5 28. Qg4 c2 29. Bg5 Qd7 30. Qxd7 Rxd7 31. Rbc1 e4 32. Rce1 Bb2 33. Bc1 Bxc1 34. Rxc1 Rd3 35. Rfe1 Rxb3 36. Rxe4 Rb1 37. Ree1 Rxc1 38. Rxc1 b3 0-1

[Event "MVP-ch Seniors op 18th"]
[Site "Ostseebad Binz"]
[Date "2018.11.28"]
[Round "1"]
[White "Schreiber, Kurt"]
[Black "Mayeres, Hans Christian"]
[Result "1-0"]
[WhiteElo "2114"]
[BlackElo "1837"]
[PlyCount "97"]
[EventDate "2018.11.28"]
[EventType "swiss"]
[EventRounds "9"]
[EventCountry "GER"]
[SourceTitle "CBM 188 Extra"]
[Source "ChessBase"]
[SourceDate "2019.02.26"]
[SourceVersion "1"]
[SourceVersionDate "2019.02.26"]
[SourceQuality "1"]

1. Nf3 Nf6 2. b3 g6 3. Bb2 Bg7 4. g3 0-0 5. Bg2 c5 6. 0-0 Nc6 7. c4 Rb8 8. d3 d6 9. Nc3 a6 10. e3 Bg4 11. h3 Bd7 12. d4 cxd4 13. exd4 b5 14. cxb5 axb5 15. d5 Nb4 16. Nd4 Qc8 17. Kh2 Qc5 18. Ne4 Nxe4 19. Bxe4 Qc8 20. Qd2 Na6 21. Bg2 Qb7 22. Rfd1 Rfc8 23. Ne2 Bxb2 24. Qxb2 Rc5 25. Rd2 Rbc8 26. Nf4 Bf5 27. Qd4 Rc1 28. g4 Rxa1 29. Qxa1 Rc2 30. Rxc2 Bxc2 31. Qc1 Qc7 32. Kg1 b4 33. Bf1 Be4 34. Qe1 Nc5 35. Qxb4 g5 36. Nh5 f6 37. Qd4 Bb1 38. Qb2 Be4 39. Bc4 Qb7 40. Qd2 Nd7 41. Qe1 Nc5 42. b4 Bd3 43. bxc5 Bxc4 44. c6 Qc7 45. Qe4 Bxa2 46. Ng3 Bb3 47. Nf5 Kf8 48. Ne3 Kg8 49. Qb4 1-0

[Event "Rheinland Pfalz op Seniors 16th"]
[Site "Neustadt an der Weinstrasse"]
[Date "2018.07.14"]
[Round "8"]
[White "Humm, Peter"]
[Black "Mayeres, Hans Christian"]
[Result "1-0"]
[WhiteElo "1622"]
[BlackElo "1854"]
[PlyCount "145"]
[EventDate "2018.07.07"]
[EventType "swiss"]
[EventRounds "9"]
[EventCountry "GER"]
[SourceTitle "EXT 2019"]
[Source "ChessBase"]
[SourceDate "2018.10.10"]
[SourceVersion "1"]
[SourceVersionDate "2018.10.10"]
[SourceQuality "1"]

1. e4 g6 2. Nf3 Bg7 3. Bc4 c5 4. d3 Nc6 5. c3 e6 6. a3 a5 7. Bg5 Nge7 8. Nbd2 0-0 9. a4 h6 10. Be3 d5 11. Bb5 d4 12. cxd4 cxd4 13. Bf4 e5 14. Bg3 Kh7 15. Nc4 f6 16. Rc1 Nb4 17. h3 Bd7 18. Nd6 Bxb5 19. Nxb5 Rc8 20. Ke2 Qd7 21. Nd2 Rxc1 22. Qxc1 Rc8 23. Nc4 f5 24. f3 Rc5 25. Qb1 b6 26. Rc1 Nc8 27. Be1 Na6 28. Bd2 Nc7 29. Nxc7 Rxc7 30. b3 Qe6 31. b4 axb4 32. Qxb4 Bf6 33. g3 Be7 34. Qb2 Bc5 35. g4 fxe4 36. fxe4 Rf7 37. Qb1 h5 38. gxh5 Qxh3 39. hxg6+ Kxg6 40. Nxe5+ Kf6 41. Nxf7 Qg4+ 42. Ke1 Qg1+ 43. Ke2 Qg2+ 44. Kd1 Kxf7 45. Qb3+ Ke7 46. Qd5 Qg4+ 47. Kc2 Qg2 48. Qg5+ Qxg5 49. Bxg5+ Ke6 50. Bf4 Ne7 51. Kb3 Nc6 52. Rh1 Na5+ 53. Kc2 Nc6 54. Rh6+ Kd7 55. Bg5 Ne5 56. Rh7+ Ke6 57. Bd8 Nc6 58. Rh6+ Kd7 59. Bf6 Na5 60. Bg7 Nc6 61. e5 Nd8 62. Kb3 Ne6 63. Bf6 Nf4 64. Kc4 Ne6 65. Kd5 Nf4+ 66. Ke4 Ne2 67. Rh7+ Ke6 68. Ra7 Nc3+ 69. Kf3 Nd5 70. Bh8 Nb4 71. Ke4 b5 72. Ra5 Nd5 73. axb5 1-0

[Event "MVP-ch Seniors op 17th"]
[Site "Binz"]
[Date "2017.12.07"]
[Round "9.49"]
[White "Mayeres, Hans Christian"]
[Black "Berger, Volkmar"]
[Result "0-1"]
[WhiteElo "1870"]
[BlackElo "1660"]
[PlyCount "45"]
[EventDate "2017.11.29"]
[EventType "swiss"]
[EventRounds "9"]
[EventCountry "GER"]
[SourceTitle "EXT 2019"]
[Source "ChessBase"]
[SourceDate "2018.10.10"]
[SourceVersion "1"]
[SourceVersionDate "2018.10.10"]
[SourceQuality "1"]

1. c4 g6 2. Nc3 Bg7 3. g3 Nf6 4. Bg2 0-0 5. Nf3 c6 6. e4 d5 7. e5 Nfd7 8. d4 dxc4 9. 0-0 Nb6 10. Be3 Be6 11. Ng5 Bf5 12. Nge4 Nd5 13. Qe2 Nxe3 14. Qxe3 Nd7 15. f4 Qb6 16. Rf2 f6 17. Bf1 fxe5 18. Bxc4+ Kh8 19. fxe5 Nxe5 20. Be2 Ng4 21. Bxg4 Bxd4 22. Qe2 Bxg4 23. Qxg4 0-1

[Event "Rheinland Pfalz op Seniors 15th"]
[Site "Neustadt an der Weinstrasse"]
[Date "2017.07.23"]
[Round "9"]
[White "Welsch, Dieter"]
[Black "Mayeres, Hans Christian"]
[Result "1/2-1/2"]
[WhiteElo "1833"]
[BlackElo "1899"]
[PlyCount "42"]
[EventDate "2017.07.15"]
[EventType "swiss"]
[EventRounds "9"]
[EventCountry "GER"]
[SourceTitle "EXT 2018"]
[Source "ChessBase"]
[SourceDate "2017.10.13"]
[SourceVersion "1"]
[SourceVersionDate "2017.10.13"]
[SourceQuality "1"]

1. d4 g6 2. e4 Bg7 3. Nf3 d6 4. Bc4 Nf6 5. Nc3 0-0 6. Bg5 Nxe4 7. Nxe4 d5 8. Bd3 dxe4 9. Bxe4 h6 10. Be3 Nd7 11. c3 Nf6 12. Bd3 Nd5 13. Bd2 Re8 14. 0-0 Bg4 15. h3 Bxf3 16. Qxf3 e5 17. dxe5 Rxe5 18. Rad1 Qf6 19. Be4 a6 20. c4 Qxf3 21. Bxf3 Nf6 1/2-1/2

[Event "Rheinland Pfalz op Seniors 15th"]
[Site "Neustadt an der Weinstrasse"]
[Date "2017.07.18"]
[Round "4"]
[White "Ziegler, Ulrich"]
[Black "Mayeres, Hans Christian"]
[Result "1-0"]
[WhiteElo "1751"]
[BlackElo "1899"]
[PlyCount "127"]
[EventDate "2017.07.15"]
[EventType "swiss"]
[EventRounds "9"]
[EventCountry "GER"]
[SourceTitle "EXT 2018"]
[Source "ChessBase"]
[SourceDate "2017.10.13"]
[SourceVersion "1"]
[SourceVersionDate "2017.10.13"]
[SourceQuality "1"]

1. c4 e5 2. Nc3 Nf6 3. g3 c6 4. Nf3 e4 5. Ng5 d5 6. cxd5 cxd5 7. d4 Nc6 8. Nh3 h6 9. Bg2 Bb4 10. 0-0 0-0 11. a3 Bxc3 12. bxc3 Bf5 13. f4 Re8 14. e3 Bg4 15. Qc2 Na5 16. Nf2 Bh5 17. h3 Bg6 18. Ng4 Nxg4 19. hxg4 f5 20. Qe2 Rc8 21. gxf5 Bxf5 22. Qh5 Qd7 23. Rf2 Bg4 24. Qh4 Rc6 25. Bf1 Rg6 26. a4 Nb3 27. Bb5 Qe7 28. Qxe7 Rxe7 29. Ba3 Rc7 30. Re1 Rxc3 31. Bb4 Rc1 32. Rxc1 Nxc1 33. Rc2 Nd3 34. Ba3 a6 35. Be8 Rb6 36. Bg6 Rb1+ 37. Kh2 Re1 38. f5 Re2+ 39. Rxe2 Bxe2 40. Kg2 Bd1 41. a5 Ne1+ 42. Kf1 Nc2 43. Bc1 Kf8 44. Kg2 Ke7 45. Kh3 Ne1 46. g4 Kf6 47. Ba3 Nc2 48. Bc1 Nb4 49. Bd2 Nc6 50. Be1 Ke7 51. Kh4 Kd7 52. Bf7 Bb3 53. g5 Ne7 54. Be6+ Ke8 55. gxh6 gxh6 56. Kh5 Nc6 57. Kxh6 Kf8 58. Kg5 Ke7 59. Bc8 Nd8 60. Kg6 Ba4 61. Kg7 Bd7 62. Bh4+ Kd6 63. Bxd7 Kxd7 64. Bxd8 1-0

[Event "Rheinland Pfalz op Seniors 15th"]
[Site "Neustadt an der Weinstrasse"]
[Date "2017.07.17"]
[Round "3"]
[White "Mayeres, Hans Christian"]
[Black "Schmidt Hieber, Michael"]
[Result "1/2-1/2"]
[WhiteElo "1899"]
[BlackElo "1821"]
[PlyCount "94"]
[EventDate "2017.07.15"]
[EventType "swiss"]
[EventRounds "9"]
[EventCountry "GER"]
[SourceTitle "EXT 2018"]
[Source "ChessBase"]
[SourceDate "2017.10.13"]
[SourceVersion "1"]
[SourceVersionDate "2017.10.13"]
[SourceQuality "1"]

1. c4 e5 2. g3 Nf6 3. Bg2 Nc6 4. Nc3 a6 5. Nf3 Be7 6. 0-0 0-0 7. d4 exd4 8. Nxd4 Nxd4 9. Qxd4 c5 10. Qd3 Re8 11. e4 d6 12. f4 Rb8 13. a4 b6 14. h3 Bb7 15. g4 Bf8 16. Be3 Qe7 17. Bf2 Bxe4 18. Nxe4 Nxe4 19. Rad1 Nxf2 20. Rxf2 Qh4 21. Bc6 Re7 22. Kg2 Rc8 23. Bf3 Rce8 24. Re2 Rxe2+ 25. Bxe2 Qf6 26. Qd2 Re4 27. Kf3 Rd4 28. Qc1 Rxd1 29. Bxd1 g5 30. b3 Bh6 31. f5 Bg7 32. Qe3 h5 33. Bc2 hxg4+ 34. hxg4 Qh6 35. Ke4 Qh2 36. Bd1 Qe5+ 37. Kf3 Qxe3+ 38. Kxe3 Kf8 39. Ke4 Ke7 40. Kd5 Kd7 41. Bf3 a5 42. Ke4 Be5 43. Kd3 f6 44. Bb7 Kc7 45. Ba6 Bd4 46. Ke4 Be5 47. Kd5 Bd4 1/2-1/2

[Event "MVP-ch Seniors op 16th"]
[Site "Binz"]
[Date "2016.11.26"]
[Round "4.34"]
[White "Lewald, Stephan"]
[Black "Mayeres, Hans Christian"]
[Result "1/2-1/2"]
[WhiteElo "1976"]
[BlackElo "1849"]
[PlyCount "33"]
[EventDate "2016.11.23"]
[EventType "swiss"]
[EventRounds "9"]
[EventCountry "GER"]
[SourceTitle "EXT 2018"]
[Source "ChessBase"]
[SourceDate "2017.10.13"]
[SourceVersion "1"]
[SourceVersionDate "2017.10.13"]
[SourceQuality "1"]

1. e4 g6 2. Nc3 Bg7 3. d4 d6 4. Nf3 Nf6 5. h3 0-0 6. Be3 c6 7. a4 a5 8. Be2 Na6 9. 0-0 b6 10. Qd2 c5 11. d5 Bd7 12. Bh6 Qc8 13. Bxg7 Kxg7 14. e5 dxe5 15. Nxe5 Nb4 16. Nc4 Rb8 17. Rfe1 1/2-1/2

[Event "MVP-ch Seniors op 16th"]
[Site "Binz"]
[Date "2016.11.24"]
[Round "2.62"]
[White "Breitenfeldt, Ulrich"]
[Black "Mayeres, Hans Christian"]
[Result "0-1"]
[WhiteElo "1651"]
[BlackElo "1849"]
[PlyCount "72"]
[EventDate "2016.11.23"]
[EventType "swiss"]
[EventRounds "9"]
[EventCountry "GER"]
[SourceTitle "EXT 2018"]
[Source "ChessBase"]
[SourceDate "2017.10.13"]
[SourceVersion "1"]
[SourceVersionDate "2017.10.13"]
[SourceQuality "1"]

1. d4 Nf6 2. Nf3 g6 3. c4 Bg7 4. Nc3 0-0 5. e3 d6 6. Bd3 Nbd7 7. 0-0 e5 8. Qc2 Ne8 9. b3 f5 10. dxe5 dxe5 11. e4 f4 12. Ba3 c5 13. Rad1 Nc7 14. Na4 b6 15. Be2 Qe7 16. Qb2 Bb7 17. Nc3 Ne6 18. Nd5 Bxd5 19. cxd5 Nd4 20. Rfe1 g5 21. h3 h6 22. Kf1 Kh8 23. Rc1 Rg8 24. Nxd4 exd4 25. Bd3 Ne5 26. Qe2 Bf8 27. f3 h5 28. b4 g4 29. hxg4 hxg4 30. Red1 gxf3 31. gxf3 Qh4 32. Qf2 Qh3+ 33. Ke2 Rg2 34. Rh1 Rxf2+ 35. Kxf2 Nxd3+ 36. Ke2 Nxc1+ 0-1

[Event "Hessen-ch Seniors op 12th"]
[Site "Bad Sooden-Allendorf"]
[Date "2016.05.06"]
[Round "7"]
[White "Schnegelsberg, Karl Heinz"]
[Black "Mayeres, Hans Christian"]
[Result "1-0"]
[WhiteElo "1990"]
[BlackElo "1872"]
[PlyCount "61"]
[EventDate "2016.04.30"]
[EventType "swiss"]
[EventRounds "9"]
[EventCountry "GER"]
[SourceTitle "EXT 2019"]
[Source "ChessBase"]
[SourceDate "2018.10.10"]
[SourceVersion "1"]
[SourceVersionDate "2018.10.10"]
[SourceQuality "1"]

1. Nf3 c5 2. g3 Nc6 3. Bg2 g6 4. 0-0 Bg7 5. d3 d6 6. e4 Bg4 7. h3 Bd7 8. Nbd2 b5 9. a4 a6 10. Kh2 e6 11. Ng1 Nge7 12. f4 0-0 13. Ne2 Rb8 14. axb5 axb5 15. Nf3 Qc7 16. c3 Ra8 17. Rxa8 Rxa8 18. d4 Ra1 19. Qc2 Qa5 20. Rd1 b4 21. dxc5 Qxc5 22. Be3 Qa5 23. Rxd6 Be8 24. Nfd4 Nxd4 25. Nxd4 Ba4 26. cxb4 Qxb4 27. Rd8+ Bf8 28. Qc7 Kg7 29. Bd2 Qxb2 30. Bc3 Qc1 31. Nf5+ 1-0

[Event "Hessen-ch Seniors op 12th"]
[Site "Bad Sooden-Allendorf"]
[Date "2016.05.02"]
[Round "3"]
[White "Petzold, Hans"]
[Black "Mayeres, Hans Christian"]
[Result "1-0"]
[WhiteElo "2065"]
[BlackElo "1872"]
[PlyCount "77"]
[EventDate "2016.04.30"]
[EventType "swiss"]
[EventRounds "9"]
[EventCountry "GER"]
[SourceTitle "EXT 2019"]
[Source "ChessBase"]
[SourceDate "2018.10.10"]
[SourceVersion "1"]
[SourceVersionDate "2018.10.10"]
[SourceQuality "1"]

1. e4 c5 2. Nc3 d6 3. Bb5+ Bd7 4. Bxd7+ Qxd7 5. f4 g6 6. Nf3 Nc6 7. 0-0 Bg7 8. d3 f5 9. Qe1 0-0-0 10. a3 Kb8 11. Kh1 e6 12. Rb1 Nd4 13. Qd1 Ne7 14. Ne2 Nec6 15. c3 Nxe2 16. Qxe2 h5 17. Qc2 h4 18. h3 d5 19. e5 d4 20. c4 Bf8 21. Bd2 Be7 22. b4 Rc8 23. bxc5 Bxc5 24. Bb4 Qe7 25. Qa4 Ka8 26. Qb5 Bxb4 27. axb4 b6 28. Rf2 Rc7 29. Ra2 Rb8 30. Qa4 Rbb7 31. Qa3 b5 32. Rc2 Rb6 33. cxb5 Rxb5 34. Rbc1 Kb7 35. Nxd4 Rb6 36. Nxc6 Rbxc6 37. Rxc6 Rxc6 38. Rxc6 Kxc6 39. b5+ 1-0